LDR 00876naa#a2200169#i#450# 001 RU\\bibl\116773 005 20260429111604.3 011 ## _a1994-4683 100 ## _a20260429b2026####ek#y0rusy0150####ca 102 ## _aRU 200 1# _aОсобенности развития личности спортсмена на этапах предварительной и начальной подготовки в дзюдо. _eЖурнальная статья 210 1# _aМосква _cНациональный государственный Университет физической культуры, спорта и здоровья им. П.Ф. Лесгафта _d2026 215 ## _a7 с. 608 ## _aЖурнальная статья _2local 675 ## _aвербальные. 159.9.072.432 _z 700 #1 _aБагадирова _gСусанна Кимовна 856 4# _auchzapiski.lesgaft.spb.ru _u